| 000 | 00467nam a2200181Ia 4500 | ||
|---|---|---|---|
| 001 | 20005 | ||
| 005 | 20260306172734.0 | ||
| 008 | 260306t2005||||xx |||||||||||||| ||spa|| | ||
| 041 | _aESP | ||
| 082 |
_a342.104 _bL22 |
||
| 100 |
_aLanda Arroyo, César (Comp.) _eAUT |
||
| 245 | 0 | _aJurisprudencia de la Corte Interamericana de Derechos Humanos | |
| 260 | _c2005 | ||
| 300 |
_a1389 páginas : _ccm. |
||
| 650 | _aGEN | ||
| 654 | _aCDE | ||
| 942 |
_cLIB _dJUS _fJUS _2ddc _n |
||
| 999 |
_c20005 _d20005 |
||